| 000 | 00380nam a2200109Ia 4500 | ||
|---|---|---|---|
| 008 | 220204s9999 xx 000 0 und d | ||
| 082 |
_a632.95:014.3 _bROY |
||
| 245 | 0 | _aPesticide index: An index of chemical, common and trade names of pesticides and related crop protection products | |
| 260 |
_aEngland _bRoyal Society of Chemistry _c1988 |
||
| 650 | _aPesticide index | ||
| 942 | _cBK | ||
| 999 |
_c40101 _d40101 |
||